|
|
|
|
| LEADER |
00000cam a22000004a 4500 |
| 001 |
musev2_5316 |
| 003 |
MdBmJHUP |
| 005 |
20230905040632.0 |
| 006 |
m o d |
| 007 |
cr||||||||nn|n |
| 008 |
060508s2007 ilu o 00 0 eng d |
| 010 |
|
|
|z 2006015336
|
| 020 |
|
|
|a 9780810162235
|
| 020 |
|
|
|z 9780810120358
|
| 020 |
|
|
|z 9780810120341
|
| 035 |
|
|
|a (OCoLC)316719684
|
| 040 |
|
|
|a MdBmJHUP
|c MdBmJHUP
|
| 050 |
0 |
4 |
|a B3279.H49
|b D34 2007
|
| 082 |
0 |
|
|a 193
|2 22
|
| 100 |
1 |
|
|a Davis, Bret W.
|
| 245 |
1 |
0 |
|a Heidegger and the Will :
|b On the Way to Gelassenheit /
|c Bret W. Davis.
|
| 264 |
|
1 |
|a Evanston, Ill. :
|b Northwestern University Press,
|c 2007.
|
| 264 |
|
3 |
|a Baltimore, Md. :
|b Project MUSE,
|c 2012
|
| 264 |
|
4 |
|c ©2007.
|
| 300 |
|
|
|a 1 online resource (440 pages).
|
| 336 |
|
|
|a text
|b txt
|2 rdacontent
|
| 337 |
|
|
|a computer
|b c
|2 rdamedia
|
| 338 |
|
|
|a online resource
|b cr
|2 rdacarrier
|
| 490 |
0 |
|
|a Northwestern University studies in phenomenology and existential philosophy
|
| 500 |
|
|
|a Revision of the author's dissertation--Vanderbilt University, 2001.
|
| 504 |
|
|
|a Includes bibliographical references (p. 367-379) and index.
|
| 505 |
0 |
|
|a Introduction : On Gelassenheit and Heidegger's path of thought -- The will, non-willing, and the domain of the will : preliminary determinations -- The ambiguous role of the will in Being and Time -- The turn through an embrace of the will -- A radically ambivalent onto-theodicy of primal willing : on Heidegger's interpretations of Schelling -- Releasement to and from God's will : excursus on Meister Eckhart after Heidegger -- The mature critique of the will -- Twisting free of the domain of the will : on the way to an other beginning of non-willing -- Intimations of being in the region of non-willing -- Residues of will in Heidegger's thought -- The persistence of ur-willing, the dissonant excess of evil, and the enigma of human freedom.
|
| 588 |
|
|
|a Description based on print version record.
|
| 600 |
1 |
0 |
|a Heidegger, Martin,
|d 1889-1976.
|
| 650 |
|
0 |
|a Will.
|
| 655 |
|
7 |
|a Electronic books.
|2 local
|
| 710 |
2 |
|
|a Project Muse.
|e distributor
|
| 830 |
|
0 |
|a Northwestern University studies in phenomenology & existential philosophy.
|
| 830 |
|
0 |
|a Book collections on Project MUSE.
|
| 856 |
4 |
0 |
|z Texto completo
|u https://projectmuse.uam.elogim.com/book/5316/
|
| 945 |
|
|
|a Project MUSE - Custom Collection
|
| 945 |
|
|
|a Project MUSE - Archive Complete Foundation
|
| 945 |
|
|
|a Project MUSE - Archive Philosophy and Religion Foundation
|